| 000 | 00766nam a2200181 i 4500 | ||
|---|---|---|---|
| 001 | 154759 | ||
| 003 | ES-MaACL | ||
| 005 | 20230906205837.0 | ||
| 008 | 040708s1874 fr |||| | fre d | ||
| 040 |
_aCAM _bspa _cCAM |
||
| 100 | 1 |
_aGrangé, Eugène. _959632 |
|
| 245 | 1 | 3 |
_aLe théâtre moral _b: actualité en trois tableaux / _cpar Eugène Grangé & Victor Bernard. |
| 260 |
_aParis : _bMichel Lévy Frères, _c1874 ( _ePoissy : _fTyp. S. Lejay et Cie.) |
||
| 300 |
_a32 p. ; _c20 cm. |
||
| 500 | _aEn antep. consta: Representé pour la première fois, a Paris, sur le Teatre des Varietés, le 4 septembre 1874. | ||
| 700 | 1 | 1 |
_aBernard, Victor. _928260 |
| 852 |
_aES-MaACL _jT-733-F-6 _z-- Enc. hol. conservando la enc. original _z-- Enc. en un vol. facticio |
||
| 999 |
_c154759 _d154759 |
||